Economic growth and distribution on the nature and causes of the wealth of nations
Salvato in:
| Altri autori: | |
|---|---|
| Natura: | Libro |
| Lingua: | inglese |
| Pubblicazione: |
Cheltenham
Edward Elgar
2006
|
| Soggetti: | |
| Tags: |
Nessun Tag, puoi essere il primo ad aggiungerne!!
|
MARC
| LEADER | 00000nam$a2200000$$$4500 | ||
|---|---|---|---|
| 001 | 0046149 | ||
| 005 | 20240313140659.0 | ||
| 020 | |a 1-84542-320-8 | ||
| 041 | 0 | |a eng | |
| 044 | |a GB | ||
| 245 | 1 | 0 | |a Economic growth and distribution |b on the nature and causes of the wealth of nations |c Edited by: Neri Salvadori |
| 264 | 1 | |a Cheltenham |b Edward Elgar |c 2006 | |
| 300 | |a 427 s. | ||
| 610 | 2 | 0 | |a rast hospodársky |
| 610 | 2 | 0 | |a distribúcia |
| 610 | 2 | 0 | |a teórie ekonomické |
| 610 | 2 | 0 | |a modely |
| 700 | 1 | |a Salvadori, Neri | |